1884 1403 1874 1836 1448 1222 1969 1490 1253 1533 1129 1333 1628 1634 1393 1569 1021 1422 1963 1171 1420 1899 1719 1990 1323 1019 1667 1748 1333 1202 1779 1003 1743 1695 1684 1115 1259 1494 1402 1950 1005 1178 1322 1967 1308 1382 1940 1886 1812 1387 1447 1601 1516 1684 1578 1644 1604 1255 1749 1582 1391 1142 1350 1011 1609 1658 1901 1762 1352 1334 1079 1513 1800 1610 1990 1605 1155 1711 1776 1667 1121 1441 1582 1438 1648 1864 1750 1412 1144 1097 1212 1515 1450 1873 1949 1611 1864 1091 1253 BCNSPRNW ULIB Ver.6.0+V

เปลี่ยนเป็นภาษาไทย

Change to English
 แสดงรายละเอียดบรรณานุกรม
  กลับหน้าหลัก

Brief Record : Get Marc (ISO 2709) : E-mail record : QR code < ปิดหน้าต่าง
LEADER : 00000nam 2200000uu 4500
001    13399109104
003     ULIB
008    110322s2551||||th 000 0 tha d
020    9789744140814
041 1  tha^heng
050  4 HD53^bช183ก 2551
100 1  ชมิตต์, เบิร์นด์ เอช.
245 10 กลยุทธ์คิดใหญ่ =^bBig think strategy /^cBernd H. Schmittผู้เขียน ; [แปลและเรียบเรียงโดย สุฎางค์ เอกสุวรรณ, วีรวุธมาฆะศิรานนท์]
246 31 Big think strategy
250    พิมพ์ครั้งที่ 1
260    กรุงเทพฯ :^bเอ็กซเปอร์เน็ท,^c2551
300    215 หน้า :^bภาพประกอบ ;^c24 ซม.
500    "แปลและเรียบเรียงจาก: Big think strategy : how to leveragebold ideas and leave small thinking behind / Bernd H. Schmitt, c2007"
650  7 การสร้างสรรค์ทางธุรกิจ
650  7 การวางแผนเชิงกลยุทธ์
650  7 ความสำเร็จทางธุรกิจ
650  7 ประสิทธิผลองค์การ
700 0  สุฎางค์ เอกสุวรรณ,^eผู้แปล
700 0  วีรวุธ มาฆะศิรานนท์,^eผู้แปล
700 12 Schmitt, Bernd H.^tBig think strategy :^bhow to leveragebold ideas and leave small thinking behind
945    ^p250^l0^i029888
945    ^p250^l0^i029887
995    เกษร
999 ^a ใช้งานได้ทุกระบบ
รายการนี้ยังไม่มีแท็ก
คุณยังไม่ได้ล็อกอิน คุณสามารถมีกิจกรรมร่วมกับเว็บไซต์ได้ แต่ต้องล็อกอินก่อน ::
  ล็อกอิน

รายการสื่อสารสนเทศ

ลำดับที่ ประเภท เลขเรียก/บาร์โค้ด สถานที่ สถานะ
1. การศึกษาทั่วไป
การศึกษาทั่วไป
HD53 ช183ก 2551 ฉ.2 
  Barcode: 029888
ห้องสมุดวิทยาเขตนครสวรรค์
►หนังสือทั่วไป:l:General Books
บนชั้น

รายการใกล้เคียง
    ผู้แต่ง [ชมิตต์, เบิร์นด์ เอช.]

    หัวเรื่อง [การสร้างสรรค์ทางธุรกิจ]
    หัวเรื่อง [การวางแผนเชิงกลยุทธ์]
    หัวเรื่อง [ความสำเร็จทางธุรกิจ]
    หัวเรื่อง [ประสิทธิผลองค์การ]

BibComment


ยังไม่เคยถูกคอมเมนท์

คอมเมนท์ทรัพยากรรายการนี้
  คอมเมนท์: กลยุทธ์คิดใหญ่ B..


 Copyright 2026. Bcnsprnw @Library